000 00214nam a22000977a 4500
003 OSt
008 210114b ||||| |||| 00| 0 eng d
100 _aAbdul Khader
_94869
245 _aSindhile rajakumari
942 _cBK
999 _c16558
_d16558